Toán 1 Sách giáo viên

Saved in:
Bibliographic Details
Main Author: Đỗ, Đình Hoan
Other Authors: Nguyễn, Áng
Format: Book
Language:Undetermined
Published: H. Giáo dục Việt Nam 2012
Subjects:
Online Access:http://lrc.tdmu.edu.vn/opac/search/detail.asp?aID=2&ID=16232
Tags: Add Tag
No Tags, Be the first to tag this record!
Institutions: Trung tâm Học liệu Trường Đại học Thủ Dầu Một
LEADER 00659nam a2200217Ia 4500
001 TDMU_16232
008 210410s9999 xx 000 0 und d
082 |a 510.7 
090 |b Đ400 
100 |a Đỗ, Đình Hoan 
245 0 |a Toán 1 
245 0 |b Sách giáo viên 
245 0 |c Đỗ Đình Hoan 
260 |a H. 
260 |b Giáo dục Việt Nam 
260 |c 2012 
300 |a 219tr. 
650 |a Toán học; Sách lớp 1; Sách giáo viên 
700 |a Nguyễn, Áng 
856 |u http://lrc.tdmu.edu.vn/opac/search/detail.asp?aID=2&ID=16232 
980 |a Trung tâm Học liệu Trường Đại học Thủ Dầu Một